| 000 | 00394cam a2200133u 4500 | ||
|---|---|---|---|
| 082 |
_a338.516 _bCAS _cD |
||
| 100 | 1 |
_aCasson, Herbert Newton, _937226 |
|
| 245 | 1 | 0 |
_aNet profit manufacturing. _cCasson, Herbert N. |
| 260 |
_aLondon, _bEfficiency Magazine _c[1950] |
||
| 300 |
_a165 p. _c21 cm. |
||
| 526 |
_a0 _b0 _c0 _d338_516000000000000_CAS |
||
| 650 | 0 | _aIndustrial management. | |
| 942 |
_2ddc _cBK |
||
| 999 |
_c542130 _d542130 |
||